Cena Vysočiny 1987 : [katalog výstavy amatérské výtvarné fotografie] /

Korporativní autor: Okresní kulturní středisko (Žďár nad Sázavou, Česko)
Další autoři: Humplík, Jiří
Jazyk: Čeština
Vydáno: Žďár nad Sázavou : Okresní kulturní středisko, 1987
Témata:
Fyzický popis: 1 nestránkovaný sv. : il. ; 21 cm
Knihy
Uloženo v:
LEADER 01251nam a2200313 a 4500
001 000625450
003 CZ BrMZK
005 20181003135007.0
008 020926s1987 xr e c cze d
040 |a BOA001  |b cze 
043 |a e-xr--- 
072 7 |a 77  |x Fotografie. Fotografické postupy  |2 Konspekt  |9 21 
080 |a 77.03/.08-027.562  |2 MRF 
080 |a 77.04  |2 MRF 
080 |a (437.3)  |2 MRF 
080 |a (083.824)  |2 MRF 
245 0 0 |a Cena Vysočiny 1987 :  |b [katalog výstavy amatérské výtvarné fotografie] /  |c [průvodní slovo: Jiří Humplík] 
260 |a Žďár nad Sázavou :  |b Okresní kulturní středisko,  |c 1987 
300 |a 1 nestránkovaný sv. :  |b il. ;  |c 21 cm 
541 |a Brno, dr. Bohumil Marčák 
648 7 |a 20. století  |7 ch460558  |2 czenas 
650 0 7 |a amatérská fotografie  |7 ph205075  |z Česko  |y 20. století  |2 czenas 
650 0 7 |a umělecká fotografie  |7 ph126879  |z Česko  |y 20. století  |2 czenas 
655 7 |a katalogy výstav  |7 fd132536  |2 czenas 
700 1 |a Humplík, Jiří  |4 wfw 
710 2 |a Okresní kulturní středisko (Žďár nad Sázavou, Česko) 
910 |a BOA001  |b X2-0843.103,1987 
990 |a BK 
996 6 |b 2610171286  |c X2-0843.103,1987  |l MZK  |r Sklad / do 24 hodin  |n 0  |p dar  |w 000625450  |u 000010  |a 1  |e BOA001  |j MZK50  |s P